000 00335nam a22001457a 4500
008 210312b ||||| |||| 00| 0 eng d
020 _a9780735627390
041 _aeng
080 _a004
082 _a004
100 _a35
101 _aSHKI
245 _aAccessing Data with Microsoft .NET Framwork 4
_cJohnson,G
942 _2udc
_cBK
999 _c56590
_d56590